000 00890nam a2200241 i 4500
001 114689
003 ES-MaACL
005 20230906190229.0
007 t|
008 000000s1984 sp a |||| | spa d
020 _a84-500-9946-3
080 _a711.4(467.1 M.)(064.3)
245 0 0 _aMadrid, urbanismo y gestión municipal, 1920-1940.
260 _a[Madrid] :
_bÁrea de Urbanismo e Infraestructuras, Gerencia Municipal de Urbanismo,
_c1984.
300 _a305 p. :
_bil. ;
_c24 x 23 cm.
585 _aCatálogo de la exposición "Urbanismo y Gestión Municipal, 1920-1940"... 1 al 15 de diciembre de 1982.
650 1 4 _aUrbanismo-
_zMadrid-
_vExposiciones.
_917707
655 7 _2tgfbne
_9193628
_aCatálogos de exposiciones
710 1 _aMadrid.
_bÁrea de Urbanismo e Infraestructuras.
_95570
852 4 _aES-MaACL
_jL-8692
942 _2udc
999 _c114689
_d114689